Jóvenes, cultura e identidades urbanas. Parte I: Aspectos teóricos y metodológicos /
La investigación-acción participativa surge como una posibilidad de participar con los jóvenes en procesos de conocimiento y transformación de su realidad. En este trabajo se presentan los antecedentes más significativos de este método de investigación y dos experiencias en procesos de organización...
Guardado en:
| Hovedforfatter: | |
|---|---|
| Institution som forfatter: | |
| Andre forfattere: | |
| Format: | Texto |
| Udgivet: |
México, D. F.:
UAM
|
| Fag: | |
| Tags: |
Tilføj Tag
Ingen Tags, Vær først til at tagge denne postø!
|
MARC
| LEADER | 00000 a a2200000 04500 | ||
|---|---|---|---|
| 001 | 28786 | ||
| 003 | |||
| 040 | |||
| 020 | |a 970-701-260-9 | ||
| 090 | |a 1002 N273j | ||
| 100 | |a Nateras Domínguez, Alfredo | ||
| 110 | |a Universidad Autónoma Metropolitana. Unidad Iztapalapa | ||
| 245 | |a Jóvenes, cultura e identidades urbanas. Parte I: Aspectos teóricos y metodológicos / |c Alfredo Nateras Domínguez | ||
| 260 | |a México, D. F.: |b UAM | ||
| 300 | |a 433 p |b il. | ||
| 520 | |a La investigación-acción participativa surge como una posibilidad de participar con los jóvenes en procesos de conocimiento y transformación de su realidad. En este trabajo se presentan los antecedentes más significativos de este método de investigación y dos experiencias en procesos de organización juvenil. En el aspecto teórico, realizamos una rápida revisión de la llamada Escuela de Chicago y de otras aportaciones al tema, en el aspecto práctico, se relata la experiencia obtenida con la investigación-acción en Santa Fe y en la ciudad de Puebla./copy/denniap | ||
| 650 | |a INVESTIGACION APLICADA | ||
| 650 | |a JUVENTUD | ||
| 650 | |a SUBCULTURA | ||
| 650 | |a METODOLOGIA | ||
| 700 | |a coord | ||
| 999 | |c 14403 |d 14403 | ||



